Sports Quiz

Random Sports or WWE Quiz

WCW Most Nitro Matches Quiz Stats

 Plays Quiz Updated Feb 26, 2013

Also try: nWo Members
Challenge
Share
Tweet
Embed
Score 0/50 Timer 10:00
10 Plays Today
Matches Wrestler % Correct
74Hollywood Hulk Hogan
95.2%
125Sting
92.2%
100Kevin Nash
91.1%
92Ric Flair
88.3%
70Scott Hall
88%
110Goldberg
81.8%
156Booker T
80%
132Chris Benoit
77.5%
113Rey Misterio Jr
77.3%
92Eddy Guerrero
76.2%
150Lex Luger
75.6%
123Scott Steiner
75.3%
83Chris Jericho
75%
106Rick Steiner
74.3%
72Randy Savage
74.1%
125Diamond Dallas Page
73.2%
65Chavo Guerrero Jr
73%
76The Giant
69.9%
108Dean Malenko
69.1%
40Bret Hart
68.6%
86Stevie Ray
61.3%
98Buff Bagwell
59.9%
96Jeff Jarrett
57.4%
74Perry Saturn
55.4%
100Billy Kidman
54.9%
Matches Wrestler % Correct
109Konnan
48.7%
90Juventud Guerrera
45.6%
68Curt Hennig
44.2%
92Disco Inferno
43%
66Psicosis
39.8%
57Scott Norton
39.4%
52Kanyon
37.3%
72Alex Wright
35.3%
58Steve McMichael
34.4%
43La Parka
34.3%
43Lord Steven Regal
29.7%
48Brian Adams
29.7%
68Meng
28.6%
43Bam Bam Bigelow
28.4%
45Ultimo Dragon
28%
78Hugh Morrus
26.5%
58Bryan Clark
25.8%
56The Barbarian
23.1%
46Vampiro
22.4%
54Ernest 'The Cat' Miller
20.7%
47Scotty Riggs
20.2%
43Norman Smiley
20.1%
41Rocco Rock
19.5%
40Johnny Grunge
14%
47Prince Iaukea
13.2%

You're not logged in!

Compare scores with friends on all Sporcle quizzes.
Join for Free
OR
Log In

You Might Also Like...

Show Comments

Extras

Top Quizzes Today


Score Distribution

Your Account Isn't Verified!

In order to create a playlist on Sporcle, you need to verify the email address you used during registration. Go to your Sporcle Settings to finish the process.

Report this User

Report this user for behavior that violates our Community Guidelines.

Details: